| 000 -LEADER |
| fixed length control field |
00495nam a22001697a 4500 |
| 008 - FIXED-LENGTH DATA ELEMENTS--GENERAL INFORMATION |
| fixed length control field |
250918b 2022 ||||| |||| 00| 0 eng d |
| 020 ## - INTERNATIONAL STANDARD BOOK NUMBER |
| International Standard Book Number |
9788189874551 |
| 082 ## - DEWEY DECIMAL CLASSIFICATION NUMBER |
| Classification number |
541.3 |
| Item number |
CHA |
| 100 ## - MAIN ENTRY--PERSONAL NAME |
| Personal name |
Chatterjee, Hrishikesh |
| 245 ## - TITLE STATEMENT |
| Title |
Physical chemistry : part - 2 |
| 260 ## - PUBLICATION, DISTRIBUTION, ETC. (IMPRINT) |
| Place of publication, distribution, etc |
Kolkata |
| Name of publisher, distributor, etc |
Platinum Publishers |
| Date of publication, distribution, etc |
2022 |
| 300 ## - PHYSICAL DESCRIPTION |
| Extent |
xvi, 431pgs. |
| 650 ## - SUBJECT ADDED ENTRY--TOPICAL TERM |
| Topical term or geographic name as entry element |
Adsorption of gases on Solids |
| 650 ## - SUBJECT ADDED ENTRY--TOPICAL TERM |
| Topical term or geographic name as entry element |
Potential Energy Diagram |
| 650 ## - SUBJECT ADDED ENTRY--TOPICAL TERM |
| Topical term or geographic name as entry element |
Adsorption at a Solution-Gas Interface |
| 942 ## - ADDED ENTRY ELEMENTS (KOHA) |
| Item type |
Books |